000 00248nam a2200097Ia 4500
001 760680
005 20250826165153.0
008 250824s9999 xx 000 0 und d
245 0 _aSİN SARI İSTİLA
_cORKUN UÇAR
260 _bALTIN KİTAPLAR YAYINLARI
999 _c760680
_d760680